Naliehavé úlohy odborových organizácií pri zabezpečovaní národohospodárskeho plánu v súčasnom období Referát súdruha Václava Běžela na VI. plenárnej schôdzi ÚRO

Bibliographic Details
Main Author: Běžel, Václav (Author)
Format: Article
Language:Slovak
Subjects:

MARC

LEADER 00000nab a2200000 a 4500
001 vtls000020078
003 SK-MaSNL
005 20260303073219.0
008 190109c1979 xo 0 slo
015 |a SNBRB19rr/mm-uuuuu 
035 |a CL0030172 
040 |a SNKBUCL  |b slo  |c SNKBUCL  |e AACR2 
041 0 |a slo 
044 |a xo  |c SK 
080 |a 331.88(437)  |2 1981 
100 1 |a Běžel, Václav  |4 aut  |9 924403 
245 1 0 |a Naliehavé úlohy odborových organizácií pri zabezpečovaní národohospodárskeho plánu v súčasnom období  |b Referát súdruha Václava Běžela na VI. plenárnej schôdzi ÚRO  |c Václav Běžel 
610 2 7 |a Revolučné odborové hnutie.  |b Ústredná rada odborov  |2 snkbucl  |9 180099 
651 7 |a 3100  |2 snkbucl  |9 920766 
655 7 |a články z novín a časopisov  |2 snkbucl  |9 267496 
773 0 |t Práca  |g Roč. 34, č. 50 (28. 2. 1979), s. 3 
850 |a Slovenská národná knižnica v Martine  |a MTA001 
852 |a SNK  |b KIS3GCP 
958 |a RK 
992 |a RBX 
999 |c 1767018  |d 1768948